Géographie de la France (notice n° 1566698)
[ vue normale ]
| 000 -LEADER | |
|---|---|
| fixed length control field | 01178cam a2200133 4500500 |
| 005 - DATE AND TIME OF LATEST TRANSACTION | |
| control field | 20251214002025.0 |
| 041 ## - LANGUAGE CODE | |
| Language code of text/sound track or separate title | fre |
| 042 ## - AUTHENTICATION CODE | |
| Authentication code | dc |
| 100 10 - MAIN ENTRY--PERSONAL NAME | |
| Personal name | Libourel, Éloïse |
| Relator term | author |
| 245 00 - TITLE STATEMENT | |
| Title | Géographie de la France |
| 260 ## - PUBLICATION, DISTRIBUTION, ETC. | |
| Name of publisher, distributor, etc. | Armand Colin,<br/> |
| Date of publication, distribution, etc. | 2023.<br/> |
| 520 ## - SUMMARY, ETC. | |
| Summary, etc. | La géographie de la France évolue rapidement et son approche est sans cesse renouvelée. L’objectif de cet ouvrage est de saisir l’ensemble de ces évolutions et d’acquérir les connaissances nécessaires pour comprendre les principales problématiques actuelles. Il s’organise en trois temps forts : INTRODUCTION : questions essentielles, objectifs de connaissance par chapitre, lectures indispensables et notions clés à maîtriser. COURS : savoirs fondamentaux assortis d’exemples localisés, de définitions et de focus thématiques, d’une page d’entraînement et d’une étude de cas mobilisant des documents géographiques. MÉTHODES : méthodologie détaillée de chaque type d’exercice, avec une application commentée en lien avec un chapitre du cours. |
| 856 41 - ELECTRONIC LOCATION AND ACCESS | |
| Uniform Resource Identifier | <a href="https://shs.cairn.info/geographie-de-la-france--9782200636364?lang=fr&redirect-ssocas=7080">https://shs.cairn.info/geographie-de-la-france--9782200636364?lang=fr&redirect-ssocas=7080</a> |
Pas d'exemplaire disponible.




Réseaux sociaux